Sudety czy Karpaty - Statystyki

Ogólne statystyki
  • Ten quiz został rozwiązany 244 razy
    219 od ostatniego zresetowania
  • Średni wynik to 13 z 15
Statystyki odpowiedzi
Zagadnienie Odpowiedź % Poprawnych
Posiadają najwyższy szczyt w Polski Karpaty
96%
Znajduje się w nich ,,Morskie Oko" Karpaty
94%
Leży nad nimi Zakopane Karpaty
94%
Ma wyższy najwyższy szczyt Karpaty
93%
Swoim terytorium sięgają Niemiec Sudety
93%
Posiadają szczyt Rysy Karpaty
92%
Posiadają większą powierzchnie Karpaty
91%
Nad nimi leży Szklarska Poręba Sudety
91%
Leży w nich Śnieżnik Sudety
90%
Swoim terytorium są bardziej wysunięte na południe Karpaty
88%
Zaczyna w nich płynąc Wisła Karpaty
87%
Zaczyna w nich płynąć Odra Sudety
87%
Przebiegają przez więcej krajów Karpaty
83%
Są młodsze Karpaty
66%
Przebiegają przez Czechy Oba
50%
Nie znaleziono quizów pasujących do podanych kryteriów
Rozkład punktacji
Procent ludzi z każdym wynikiem
Percentyl według liczby udzielonych odpowiedzi
Twoja historia wyników
Nie rozwiązałeś tego quizu od ostatniego zresetowania